|
|
|
|
| LEADER |
00886nam a22002177a 4500 |
| 001 |
12767 |
| 003 |
BD-DhAAL |
| 008 |
130902s2004 bg b 000 0 eng |
| 020 |
|
|
|a 9840801899
|
| 082 |
|
|
|2 20
|a 297/.09549209
|
| 100 |
|
|
|a Manzur-i-khuda, Khaleda.
|9 2897
|
| 245 |
|
|
|a Islam, the formative background of bangladesh /
|c Khaleda Manzur-i-khuda.
|
| 260 |
|
|
|a Dhaka :
|b Academic press and publishers library,
|c 2004.
|
| 300 |
|
|
|a ix, 86 p. ;
|b 23 cm.
|
| 504 |
|
|
|6 Includes bibliographical references.
|
| 650 |
|
|
|a Islam
|z Bangladesh
|x History.
|9 2898
|
| 650 |
|
|
|a Islam
|z India
|x History
|9 2899
|
| 650 |
|
|
|a Bangladesh
|x Politics and government.
|9 2900
|
| 942 |
|
|
|2 ddc
|c BK
|
| 999 |
|
|
|c 13921
|d 13921
|
| 952 |
|
|
|0 0
|1 4
|2 ddc
|4 0
|6 297_095492090000000_MAN
|7 0
|9 23305
|a BRACUL
|b BRACUL
|c GEN
|d 2013-09-02
|g 150.00
|l 1
|m 5
|o 297.09549209 MAN
|p 3010012767
|r 2014-10-12
|s 2014-08-07
|t 1
|w 2013-09-02
|y BK
|x Koha Inventory 2020
|